Statistics for Cities Known For A Specific Food Quiz

Click here to take the quiz!

General Stats

  • This quiz has been taken 714 times
  • The average score is 10 of 22

Answer Stats

HintAnswer% Correct
Deep Dish PizzaChicago, Illinois
94%
CheesesteakPhiladelphia, Pennsylvania
81%
Po'boyNew Orleans, Louisiana
78%
Clam ChowderBoston, Massachusetts
77%
Cuban SandwichMiami, Florida
76%
Buffalo WingsBuffalo, New York
66%
Idaho SpudBoise, Idaho
54%
Mission BurritoSan Francisco, California
49%
Crab CakesBaltimore, Maryland
48%
Key Lime PieKey West, Florida
46%
OmletteDenver, Colorado
44%
Carne Asada FriesSan Diego, California
39%
Sonoran Hot DogTucson/Phoenix, Arizona
39%
Dungeness CrabSeattle, Washington
38%
Coney Island Hot DogDetroit, Michigan
34%
Fried Cheese CurdsMilwaukee, Wisconsin
33%
Half SmokeWashington, D.C.
29%
Toasted RaviolliSt. Louis, Missouri
28%
Chili RellenosAlbuquerque, New Mexico
21%
ChiliCincinnati, Ohio
19%
72 Ounce SteakAmarillo, Texas
8%
Horseshoe SandwichSpringfield, Illinois
8%

Score Distribution

Percentile by Number Answered

Percent of People with Each Score

Your Score History

You have not taken this quiz